LIBRARY & INFORMATION CENTRE, KCAET, TAVANUR

ONLINE PUBLIC ACCESS CATALOGUE (OPAC)

Automatic water level datalogger and application for data analysis (Record no. 16323)

MARC details
000 -LEADER
fixed length control field 00490nam a22001697a 4500
003 - CONTROL NUMBER IDENTIFIER
control field OSt
082 ## - DEWEY DECIMAL CLASSIFICATION NUMBER
Classification number 631.587
Item number AKH/AU
100 ## - MAIN ENTRY--AUTHOR NAME
Personal name Akhila, P
100 ## - MAIN ENTRY--AUTHOR NAME
Personal name Akhil Satheesan
100 ## - MAIN ENTRY--AUTHOR NAME
Personal name Fathima Farsana
100 ## - MAIN ENTRY--AUTHOR NAME
Personal name Roshni, R
100 ## - MAIN ENTRY--AUTHOR NAME
Personal name Sreekala, P
245 ## - TITLE STATEMENT
Title Automatic water level datalogger and application for data analysis
260 ## - PUBLICATION, DISTRIBUTION, ETC. (IMPRINT)
Place of publication Tavanur
Name of publisher Department of Irrigation and Drainage Engineering
Year of publication 2020
700 ## - ADDED ENTRY--PERSONAL NAME
Personal name Anu Varughese
942 ## - ADDED ENTRY ELEMENTS (KOHA)
Koha item type Project Report
Holdings
Collection code Home library Current library Shelving location Full call number Accession Number Koha item type
General Books KAUAET KAUAET Reference 631.587 AKH/AU P 484 Project Report
free website counter